Sports Quiz

Random Sports or Letter Quiz

Avoid the 'A' NHL Teams Quiz Stats

 Plays Quiz Updated Mar 20, 2018

Challenge
Share
Tweet
Embed
Score 0/22 Timer 01:00
26 Plays Today
Letter Teams % Correct
S???
97.6%
I???
96.6%
N???
95.5%
U???
95%
E???
93.2%
R???
92.7%
L???
89.8%
B???
89.4%
G???
88.8%
MINES ???
88.6%
D???
87.4%
Letter Teams % Correct
T???
80.7%
K???
78.2%
O???
72.5%
W???
70.1%
Y???
65.8%
C???
64.7%
P???
59.4%
J???
56.8%
H???
56.5%
F???
50.6%
V???
36.7%

You're not logged in!

Compare scores with friends on all Sporcle quizzes.
OR
Log In

You Might Also Like...

Show Comments

Extras

Top Quizzes Today


Score Distribution

Your Account Isn't Verified!

In order to create a playlist on Sporcle, you need to verify the email address you used during registration. Go to your Sporcle Settings to finish the process.

Report this User

Report this user for behavior that violates our Community Guidelines.

Details: